[Event "IECG WC.2004.F.00008"]
[Site "IECG email"]
[Date "2005.05.16"]
[Round "?"]
[White "Boettcher, Fred"]
[Black "Parisi, Cosimo"]
[Result "1-0"]
[WhiteElo "2078"]
[BlackElo "2153"]
[PlyCount "95"]
[EventDate "2005.05.16"]
[EventType "tourn (corr)"]
[EventRounds "6"]
[SourceTitle "Corr 2008"]
[Source "ChessBase"]
[SourceDate "2008.06.24"]
[SourceVersion "1"]
[SourceVersionDate "2008.06.24"]
[SourceQuality "1"]

1. e4 Nf6 2. e5 Nd5 3. d4 d6 4. Nf3 dxe5 5. Nxe5 g6 6. Bc4 c6 7. 0-0 Bg7 8. Nd2 0-0 9. Ndf3 Nd7 10. Re1 Nxe5 11. Nxe5 Be6 12. Qe2 Qd6 13. c3 Rad8 14. Bg5 Qc7 15. Bb3 h6 16. Bh4 Bf5 17. Rad1 Rfe8 18. h3 b5 19. Qf3 f6 20. Nd3 Kh7 21. a4 a6 22. Nc5 e5 23. dxe5 Rxe5 24. Nxa6 Rxe1+ 25. Rxe1 Qb6 26. axb5 Qxb5 27. Bxd5 Qxd5 28. Qxd5 Rxd5 29. Nb4 Rd2 30. Nxc6 g5 31. Nd4 Kg6 32. Nxf5 Kxf5 33. g4+ Kg6 34. Bg3 Rxb2 35. Re6 Rc2 36. Rc6 Bf8 37. Be5 Be7 38. Bd4 Re2 39. Kg2 Re4 40. Be3 Re5 41. c4 Kf7 42. Kf3 Re6 43. Rxe6 Kxe6 44. Ke4 Bd6 45. f4 Be7 46. c5 Bd8 47. f5+ Kd7 48. Kd5 1-0

[Event "CFriend WC-2004-F-00008"]
[Site "Chessfriend.com"]
[Date "2005.05.16"]
[Round "1"]
[White "Borst, John C"]
[Black "Parisi, Cosimo"]
[Result "1-0"]
[WhiteElo "2011"]
[BlackElo "2153"]
[PlyCount "53"]
[EventDate "2005.??.??"]
[EventType "tourn (corr)"]
[EventRounds "6"]
[SourceTitle "Corr 2008"]
[Source "ChessBase"]
[SourceDate "2008.06.24"]
[SourceVersion "1"]
[SourceVersionDate "2008.06.24"]
[SourceQuality "1"]

1. e4 Nf6 2. e5 Nd5 3. d4 d6 4. Nf3 dxe5 5. Nxe5 g6 6. Bc4 c6 7. 0-0 Bg7 8. Re1 0-0 9. Bb3 Be6 10. Nd2 Nd7 11. Ndf3 Nxe5 12. dxe5 a5 13. c3 Bg4 14. h3 Bxf3 15. Qxf3 a4 16. Bc2 Qd7 17. a3 Qe6 18. Bg5 h6 19. Bh4 Rfd8 20. Rad1 b5 21. Qd3 Nb6 22. Qxd8+ Rxd8 23. Rxd8+ Kh7 24. f4 Qa2 25. Rd2 e6 26. Bb1 Qc4 27. Re4 1-0

[Event "CFriend WC-2004-F-00008"]
[Site "Chessfriend.com"]
[Date "2005.05.16"]
[Round "1"]
[White "Parisi, Cosimo"]
[Black "Speisser, Patrick"]
[Result "1/2-1/2"]
[WhiteElo "2153"]
[BlackElo "2084"]
[PlyCount "88"]
[EventDate "2005.??.??"]
[EventType "tourn (corr)"]
[EventRounds "6"]
[SourceTitle "Corr 2008"]
[Source "ChessBase"]
[SourceDate "2008.06.24"]
[SourceVersion "1"]
[SourceVersionDate "2008.06.24"]
[SourceQuality "1"]

1. e4 e5 2. Nf3 Nc6 3. Bb5 a6 4. Bxc6 dxc6 5. 0-0 Bg4 6. h3 Be6 7. d4 exd4 8. Nxd4 Qd7 9. Be3 Nf6 10. Nc3 Bd6 11. Qe2 0-0 12. f4 Bc5 13. Rad1 Qe7 14. Qf2 Bb4 15. e5 Ne8 16. Nce2 f6 17. a3 Ba5 18. Nxe6 Qxe6 19. Bc5 Bb6 20. Nd4 Bxc5 21. Nxe6 Bxf2+ 22. Rxf2 Rf7 23. Rd8 Rxd8 24. Nxd8 Rd7 25. Nxb7 fxe5 26. fxe5 Rd5 27. e6 Re5 28. Nd8 Nf6 29. g4 Kf8 30. Rf5 Rxf5 31. gxf5 Ke7 32. Nxc6+ Kd6 33. Nd4 c5 34. Nf3 Ne4 35. Nh4 Nd2 36. Kf2 Nc4 37. b4 cxb4 38. axb4 Nb6 39. Ng2 Nd5 40. Ne3 Nxb4 41. Kf3 Nc6 42. Nc4+ Ke7 43. Kf4 g6 44. Ne5 Nxe5 1/2-1/2

[Event "IECG CP.2003.Q.00019 email"]
[Site "IECG email"]
[Date "2005.01.15"]
[Round "?"]
[White "Parisi, Cosimo"]
[Black "Gilles, Robert P"]
[Result "1-0"]
[WhiteElo "2160"]
[BlackElo "2265"]
[PlyCount "100"]
[EventDate "2005.01.15"]
[EventType "tourn (corr)"]
[EventRounds "6"]
[SourceTitle "Corr 2008"]
[Source "ChessBase"]
[SourceDate "2008.06.24"]
[SourceVersion "1"]
[SourceVersionDate "2008.06.24"]
[SourceQuality "1"]

1. e4 e6 2. d4 d5 3. Nd2 Nf6 4. e5 Nfd7 5. Bd3 c5 6. c3 Nc6 7. Ne2 cxd4 8. cxd4 f6 9. Nf4 Nxd4 10. Qh5+ Ke7 11. exf6+ Nxf6 12. Ng6+ hxg6 13. Qxh8 Kf7 14. 0-0 e5 15. Nf3 Nxf3+ 16. gxf3 Nh5 17. Bxg6+ Kxg6 18. Kh1 Nf6 19. Rg1+ Kf7 20. Rxg7+ Ke6 21. Bg5 Be7 22. Rxe7+ Qxe7 23. Rc1 Kf7 24. Rxc8 Rxc8 25. Qxc8 Qd7 26. Qc3 Qf5 27. h4 Kg6 28. Kg2 Nh7 29. Bc1 Kh5 30. Qe3 Qg6+ 31. Kf1 Qf6 32. Ke2 a5 33. Bd2 Kxh4 34. Bc3 Ng5 35. Bxe5 Qf5 36. f4 Qc2+ 37. Kf1 Ne4 38. Kg2 Qc8 39. f5 Qg8+ 40. Kh2 Qg4 41. f3 Qh3+ 42. Kg1 Ng5 43. Qf4+ Kh5 44. Kf2 Nh7 45. Bd6 Qh4+ 46. Qxh4+ Kxh4 47. Be7+ Kh5 48. Ke3 Ng5 49. Bxg5 Kxg5 50. Kd4 Kxf5 1-0